000
00321nam a22001337a 4500
008
250220b |||||||| |||| 00| 0 eng d
020
_a
978978523203
050
_a
HD3850
_b
.O76
100
_a
ORONTO, Douglas
245
_a
Sure and Steady Transformation
260
_a
Nigeria
_b
F.C.T
_c
2015
300
_a
494P.
942
_c
BK
999
_c
2004
_d
2004